Riconosci la Squadra di calcio - Quiz n°4 - Statistics

Statistiche generali
  • Questo quiz è stato fatto 175 volte
  • Il punteggio medio è 6 su 10
Statistiche sulle risposte
Indizio Risposta % Corretto
Colori sociali Verde, bianco
96%
Simboli Trifoglio
81%
Titoli nazionali 21 Campionati irlandesi
72%
Divisione nazionale 2023-2024 Prima
68%
Confederazione UEFA
64%
Trofei nazionali 25 Coppe d'Irlanda 2 Coppa di Lega irlandese 1 Supercoppa d'Irlanda 1 FAI Super Cup 18 Scudi di Lega irlandesi 10 Dublin City Cup 4 Inter-City Cup 3 Top Four Cup 16 Leinster Senior Cup
63%
Trofei internazionali 0
51%
Fondazione 1899
51%
Capienza Stadio 6 000 posti
46%
Squadra Shamrock Rovers
37%
Nessun quiz corrispondente trovato
Distribuzione punteggi
Percentuale di utenti per punteggio
Percentile per numero di risposta
I tuoi punteggi nel tempo
Non hai fatto questo quiz